LEADER 01013nam a2200229 i 4500 001 000000011520 003 CaOOAMICUS 005 20190429154542.0 008 180830s1965 it u000 u ita u 040 $aSeMil$bita 100 1 $aBacon, Francis,$d<1561-1626>.$0(OLS)http://semarc/name/2789 245 10$aOpere filosofiche /$cFrancesco Bacone ; a cura di Enrico De Mas. 260 $aBari :$bLaterza,$c1965. 300 $a2 v. ;$c21 cm. 650 4$aBacone, Francesco <1561-1626> - Opere.$0(OLS)http://semarc/subject/790 700 1 $aDe Mas, Enrico <1926->.$0(OLS)http://semarc/name/5551 774 0 $t1.$dBari : Laterza, 1965.$kClassici della filosofia moderna$g1$w()125836 774 0 $t2.$dBari : Laterza, 1965.$kClassici della filosofia moderna$g2$w()125837 830 0$aClassici della filosofia moderna.$0(OLS)http://semarc/title/6919 996 $6245$aOpere filosofiche$9(OLS)http://semarc/title/9755 996 $6260$aBari :$bLaterza$9(OLS)http://semarc/publisher/29858 LEADER 00708nab a2200181 i 4500 001 000000305616 003 CaOOAMICUS 005 20180831172841.0 008 180831n xx uu u0 0mul r 013 $a13816 040 $aSeMil$bita 245 10$aBibliographie. - Sequenza di paginazione autonoma. 700 1 $aVanysacker, Dries,$d<1962- >.$0(OLS)http://semarc/name/74100 700 1 $aTruyen, F.$0(OLS)http://semarc/name/74102 700 1 $aValvekens, Patrick <1956-2012>.$0(OLS)http://semarc/name/87295 700 1 $aLouchez, Eddy.$0(OLS)http://semarc/name/87294 773 0 $t[vedi periodico].$gp.[1]-199$w()267233 996 $6245$aBibliographie. - Sequenza di paginazione autonoma.$9(OLS)http://semarc/title/380388